Loading...

A concise Dictionary of philosophy

Bibliographic Details
Main Author: Srinivas K
Other Authors: Vempaty Kutumba Sastry
Format: Printed Book
Published: New Delhi D.K Print World 2007
Subjects:
LEADER 00623nam a22001811a 4500
020 |a 9788124604007  |c 0.00 
040 |a SSUS - Library - Kalady 
082 |a 103  |b SRI/C 
100 |a Srinivas K 
245 |a A concise Dictionary of philosophy  |h [Text] 
260 |a New Delhi  |b D.K Print World  |c 2007 
300 |a 426p. 
600 |a Dictionary Philosophy 
700 |a Vempaty Kutumba Sastry 
852 |k Reference  |h 103  |i SRI/C  |p 056362  |9 580.00  |t 0 
942 |c REF 
999 |c 8791  |d 8791 
952 |0 0  |1 0  |4 0  |6 R_103_000000000000000_SRI_C  |7 0  |9 12997  |a SSUS  |b SSUS  |c REF  |d 2015-01-08  |g 580.00  |o R 103 SRI/C  |p 056362  |r 2015-01-08  |v 0.00  |w 2015-01-08  |y REF